000 00469nam a2200181Ia 4500
001 35922
003 IN-NITTTR
005 20251114233434.0
008 251113s9999||||xx |||||||||||||| ||eng||
040 _beng
040 _cIN-NITTTR
041 _aeng
082 _aTK7881.15
100 _aDokic?, Branko L.
245 0 _aPower Electronics :
_b Converters and Regulators /
_cDokic?, Branko L., Blanus?a, Branko.
700 _a Blanus?a, Branko.
942 _2ddc
_cBK
999 _c35367
_d35367